|
|
|
|
| LEADER |
01785nam a2200289 a 4500 |
| 001 |
GR-Patra33852 |
| 008 |
170127s2010 gr e b 000 0 gre c |
| 020 |
|
|
|a 9789603902096
|
| 040 |
|
|
|a GrPaTEI
|b gre
|c GR-PaULI
|
| 082 |
0 |
4 |
|a 658.155
|2 22
|q GR-AtNTU
|
| 100 |
1 |
|
|a Αρτίκης, Παναγιώτης Γ.
|
| 245 |
1 |
0 |
|a Διαχείριση αξίας και κινδύνου /
|c Παναγιώτης Γ. Αρτίκης.
|
| 260 |
|
|
|a Αθήνα :
|b Interbooks,
|c c2010
|
| 300 |
|
|
|a 388 σ. :
|b διαγρ. ;
|c 24 εκ.
|
| 504 |
|
|
|a Περιλαμβάνει βιβλιογραφικές παραπομπές.
|
| 650 |
|
0 |
|a Insurance, Business
|2 lc
|
| 650 |
|
0 |
|a Risk management
|2 lc
|
| 650 |
|
7 |
|a Διαχείριση κινδύνου
|
| 650 |
|
7 |
|a Κίνδυνος (Ασφάλιση)
|
| 650 |
|
7 |
|a Χρηματοοικονομικός κίνδυνος
|
| 942 |
|
|
|2 ddc
|
| 952 |
|
|
|0 0
|1 0
|2 ddc
|4 0
|6 658_155000000000000_ΑΡΤ
|7 0
|9 316098
|a LISK
|b LISK
|c BSC
|d 2021-01-17
|e 24
|f 0
|g 0.00
|l 0
|o 658.155 ΑΡΤ
|p 92410050706
|r 2021-01-17 00:00:00
|t 1
|w 2021-01-17
|y BK15
|x 20130709 0 1
|x GrPaTEI
|
| 952 |
|
|
|0 0
|1 0
|2 ddc
|4 0
|6 658_155000000000000_ΑΡΤ
|7 0
|9 316099
|a LISK
|b LISK
|c BSC
|d 2021-01-17
|e 24
|f 0
|g 0.00
|l 0
|o 658.155 ΑΡΤ
|p 92410050707
|r 2021-01-17 00:00:00
|t 1
|w 2021-01-17
|y BK15
|x 20130709 0 1
|x GrPaTEI
|
| 952 |
|
|
|0 0
|1 0
|2 ddc
|4 0
|6 658_155000000000000_ΑΡΤ
|7 0
|9 316100
|a LISK
|b LISK
|c BSC
|d 2021-01-17
|e 24
|f 0
|g 0.00
|l 0
|o 658.155 ΑΡΤ
|p 99241000064651
|r 2021-01-17 00:00:00
|t 1
|w 2021-01-17
|y BK15
|x Purchase/Donation Number
|x General Note
|x GrPaTEI
|
| 952 |
|
|
|0 0
|1 0
|2 ddc
|4 0
|6 658_155000000000000_ΑΡΤ
|7 1
|9 316101
|a LISK
|b LISK
|c BSC
|d 2021-01-17
|e 24
|f 0
|g 0.00
|l 0
|o 658.155 ΑΡΤ
|p 92410050708
|r 2021-01-17 00:00:00
|t 1
|w 2021-01-17
|y BKN
|x 20130709 0 0
|x GrPaTEI
|
| 971 |
|
|
|a .b26814249
|b 15-04-20
|c 27-09-16
|
| 999 |
|
|
|c 180023
|d 180023
|